Historie og filosofi 1 - Tenkerne - Statistics

General Stats
  • This quiz has been taken 132 times
  • The average score is 15 of 40
Answer Stats
Hint Answer % Correct
Gresk filosof som grunnla vestlig filosofi, men uten å skrive et eneste verk Sokrates
97%
Gresk filosof som skrev bl.a. "Staten" Platon
94%
Gresk filosof som har blitt kalt logikkens og vitenskapens far Aristoteles
86%
Engelsk filosof og empirist som fremmet naturlige rettigheter og parlamentarisk styresett, og derfor kalt liberalismens far John Locke
69%
Tysk reformator som startet den protestantiske reformasjonen med "De 95 tesene" Martin Luther
69%
Forfatter bak de greske eposene "Iliaden" og "Odysseen", de eldste litterære verkene i den vestlige kanon Homer
67%
Den store fysikeren, skrev "Principia" om bevegelseslovene og tyngdekraften Isaac Newton
58%
Sosialisten og filosofen bak "Det kommunistiske manifest" og "Das Kapital" Karl Marx
58%
Italieneren som grunnla statsvitenskap med boken "Fyrsten" Niccolo Machiavelli
58%
Polsk astronom som fremmet det heliosentriske verdensbildet Nicolaus Copernicus
53%
Engelsk filosof og empirist som skrev "A Treatise of Human Nature" David Hume
50%
Stod bak transcendental idealisme med sin bok "Kritikk av den rene fornuft" Immanuel Kant
50%
Italiensk astronom og fysiker som utviklet teleskopet som astronomisk instrument Galileo Galilei
47%
Historieskrivingens far, skrev om perserkrigene Herodot
42%
Fransk filosof som stod bak rasjonalismen René Descartes
42%
Engelsk filosof som stod bak samfunnskontrakt-teorien med boken "Leviathan" Thomas Hobbes
42%
Filosof og økonom som fremmet økonomisk liberalisme med boken "The Wealth of Nations" Adam Smith
39%
Den katolske kirkefaderen, biskopen og teologen, skrev "Om Gudsstaten" Augustin
36%
Tysk astronom som stod bak planetenes bevegelseslover Johannes Kepler
36%
Den amerikanske grunnlovsfaderen som skrev "Uavhengighetserklæringen" Thomas Jefferson
36%
Romersk filosof og statsmann, kjent for stoisk filosofi, skrev bl.a. "Om pliktene" Cicero
31%
Engelsk forfatter og statsmann, skrev det humanistiske "Utopia" Thomas More
31%
Sveitsisk reformator som grunnla sin egen protestantiske retning og teologi Jean Calvin
25%
Opplysningstidstenker som skrev bl.a. "Samfunnskontrakten" til fordel for folkesuverenitet Jean-Jacques Rousseau
25%
Den store middelalderfilosofen og katolske teologen, skrev "Summa Theologica" Thomas Aquinas
25%
Historiker bak "Peloponneskrigen" om krigen mellom Athen og Sparta Thukydid
25%
Den romerske keiseren som også var kjent som stoisk filosof Marcus Aurelius
22%
Den tidlige feministen som skrev "A Vindication of the Rights of Woman" Mary Wollstonecraft
22%
Konservatismens far, kjent for hans kritikk av den franske revolusjonen "Reflections on the Revolution in France" Edmund Burke
19%
Renessanse-humanist fra Rotterdam Erasmus
19%
Fremmet liberalisme og feminisme, skrev boken "On Liberty" John Stuart Mill
17%
Jødisk rasjonalist og panteist som bodde i Nederland Baruch Spinoza
14%
Engelsk filosof som stod bak empirismen Francis Bacon
14%
Filosof som bygde videre på idealismen med boken "Åndens fenomenologi" G.W.F. Hegel
11%
Forfatter av "Teogonien" om gresk mytologi Hesiod
11%
Nederlandsk rettsfilosof som fremmet internasjonal rett (for felles regler rundt diplomati for å unngå krig) Hugo Grotius
8%
Liberal politisk tenker som skrev "Common Sense" og "Rights of Man" Thomas Paine
8%
Fransk fysiker som også er kjent som en kristen apologet Blaise Pascal
6%
Franskmann som skrev "Demokratiet i Amerika" etter en reise til USA Alexis de Tocqueville
3%
En mindre kjent renessanse-humanist, skrev "Om menneskets verdighet" Pico della Mirandola
3%
No matching quizzes found
Score Distribution
Percent of People with Each Score
Percentile by Number Answered
Your Score History
You have not taken this quiz